[Event "PRO League Group Stage"]
[Site "chess.com INT"]
[Date "2019.03.14"]
[Round "10"]
[White "Kaasen, Tor Fredrik"]
[Black "Bordi, Kevin"]
[Result "1-0"]
[WhiteTitle "IM"]
[WhiteElo "2409"]
[BlackElo "2288"]
[WhiteTeam "Norway Gnomes"]
[BlackTeam "Cannes Blitzstreams"]
[WhiteFideId "1516647"]
[BlackFideId "621862"]
[EventDate "2019.01.08"]

1. c4 c6 2. g3 d5 3. Bg2 Nf6 4. Nf3 Bf5 5. b3 e6 6. O-O Nbd7 7. Bb2 Be7 8. d3
O-O 9. Nbd2 h6 10. Re1 Bh7 11. a3 a5 12. Ra2 Qb6 13. Bd4 Bc5 14. Qa1 Bxd4 15.
Qxd4 Qxd4 16. Nxd4 e5 17. Nc2 Nc5 18. cxd5 cxd5 19. Ne3 Rfd8 20. Rc2 Ne6 21. Rb2
Rac8 22. Kf1 b5 23. Rd1 d4 24. Nc2 Rc3 25. a4 Rdc8 26. Ne1 bxa4 27. bxa4 Nc5 28.
Nc4 Nxa4 29. Ra2 Nc5 30. Rxa5 Nfd7 31. Rda1 Bg6 32. Nd6 Rb8 33. Ra8 Rb3 34. Bd5
Rxa8 35. Rxa8+ Rb8 36. Rxb8+ Nxb8 37. Nf3 Nbd7 38. Nc4 e4 39. dxe4 Bxe4 40. Bxe4
Nxe4 41. Nxd4 Ndf6 42. h3 Kh7 43. Ne5 Kg8 44. Nf5 Kf8 45. Kg2 Ng5 46. h4 Ne6 47.
f3 h5 48. e4 g6 49. Nd6 Nd8 50. Nd3 Nd7 51. Kf2 Ke7 52. Nc4 Ne6 53. Ke3 Kf6 54.
f4 Ke7 55. Nb4 Nec5 56. Nd5+ Ke6 57. Nc7+ Ke7 58. f5 Nf6 59. fxg6 fxg6 60. Nd5+
Ke6 61. Nxf6 Kxf6 62. Kd4 Ne6+ 63. Kd5 Nc7+ 64. Kc6 Ne6 65. Kd6 Nd4 66. e5+ Kf5
67. Kd5 Nb5 68. Nd6+ 1-0

[Event "PRO League Group Stage"]
[Site "chess.com INT"]
[Date "2019.03.14"]
[Round "10"]
[White "Alekseenko, Kirill"]
[Black "Vallejo Pons, Francisco"]
[Result "1-0"]
[WhiteTitle "GM"]
[BlackTitle "GM"]
[WhiteElo "2637"]
[BlackElo "2698"]
[WhiteTeam "Baden-Baden Snowballs"]
[BlackTeam "Barcelona Raptors"]
[WhiteFideId "4135539"]
[BlackFideId "2205530"]
[EventDate "2019.01.08"]

1. e4 e5 2. Nf3 Nc6 3. Bb5 a6 4. Ba4 b5 5. Bb3 Na5 6. O-O d6 7. d4 exd4 8. Nxd4
Bb7 9. Nf3 Be7 10. Nc3 Nf6 11. Re1 O-O 12. Bg5 h6 13. Bh4 c5 14. Bxf6 Bxf6 15.
Bd5 Bxd5 16. Qxd5 Nc4 17. Rab1 Nxb2 18. e5 dxe5 19. Qe4 Na4 20. Nxa4 bxa4 21.
Qxa4 Re8 22. Rbd1 Qc8 23. Nd2 Rd8 24. Ne4 Rd4 25. Nxf6+ gxf6 26. Qa3 Qc6 27. Qh3
Kg7 28. c3 Rxd1 29. Rxd1 Qe6 30. Qg3+ Kh7 31. Qd3+ f5 32. Qe3 Rc8 33. h3 c4 34.
Rb1 f4 35. Qa7 f3 36. Rb6 Qf5 37. Qxa6 Qg5 38. g3 Rd8 39. Rf6 Rd1+ 40. Kh2 Qc1
41. Rxf7+ Kg8 42. Qg6+ 1-0

[Event "PRO League Group Stage"]
[Site "chess.com INT"]
[Date "2019.03.14"]
[Round "10"]
[White "Diaz Camallonga, Carles"]
[Black "Donchenko, Alexander"]
[Result "1-0"]
[WhiteTitle "IM"]
[BlackTitle "GM"]
[WhiteElo "2432"]
[BlackElo "2604"]
[WhiteTeam "Barcelona Raptors"]
[BlackTeam "Baden-Baden Snowballs"]
[WhiteFideId "22235256"]
[BlackFideId "24603295"]
[EventDate "2019.01.08"]

1. e4 c6 2. Nc3 d5 3. Nf3 dxe4 4. Nxe4 Nf6 5. Qe2 Nxe4 6. Qxe4 Nd7 7. Bc4 Nf6 8.
Qe2 Bf5 9. d4 e6 10. Bf4 Bd6 11. Bxd6 Qxd6 12. c3 O-O 13. O-O a5 14. a4 Rad8 15.
Rad1 Qc7 16. h3 h6 17. Rfe1 Rfe8 18. Ne5 c5 19. Bb5 Rf8 20. dxc5 Qxc5 21. Nc4
Qc7 22. Qe5 Qxe5 23. Nxe5 Bc2 24. Rxd8 Rxd8 25. Nc4 Ra8 26. Rc1 Bb3 27. Nd2 Bd5
28. c4 Bc6 29. c5 Nd7 30. Nb3 Kf8 31. Nd4 Rc8 32. Bxc6 bxc6 33. Nb3 Ra8 34. Nd4
Rc8 35. Nb3 Ra8 36. Nd4 Ra6 37. Kf1 Ke7 38. Ke2 Kd8 39. Kd3 Kc7 40. Nb3 Ra8 41.
Kc3 Nf6 42. Rd1 Nd5+ 43. Kc2 Rb8 44. Rd4 Ra8 45. g3 g5 46. h4 f5 47. Nd2 e5 48.
Rc4 g4 49. Kd3 Rb8 50. b3 Rd8 51. Ke2 Nb4 52. Rc3 Rd5 53. Nf1 f4 54. gxf4 exf4
55. Rc4 Re5+ 56. Kd2 Rf5 57. Kc3 h5 58. Kd4 g3 59. fxg3 fxg3 60. Nxg3 Rf4+ 61.
Ke3 Nd5+ 62. Ke2 Rxc4 63. bxc4 Nf6 64. Kf3 Nd7 65. Nxh5 Nxc5 66. Nf6 Ne6 67. Ke4
Kd6 68. h5 Kc5 69. h6 Kxc4 70. Kf5 Nf8 71. Nd7 Nxd7 72. h7 Nb6 73. h8=Q Nxa4 74.
Qg8+ Kb4 75. Qb8+ Kc4 76. Qa7 Kb5 77. Qb7+ Nb6 78. Ke4 a4 79. Kd4 c5+ 80. Kc3 c4
81. Qb8 Kc5 82. Qf8+ Kb5 83. Qb4+ Kc6 84. Kd4 c3 85. Qxc3+ Kb5 86. Qc5+ Ka6 87.
Qb4 Ka7 88. Kc5 Nd7+ 89. Kc6 Nb8+ 90. Kd6 Na6 91. Qxa4 Kb6 92. Qb3+ Ka5 93. Qb1
Ka4 94. Kd5 Ka5 95. Kc4 Nc7 96. Qb7 1-0

[Event "PRO League Group Stage"]
[Site "chess.com INT"]
[Date "2019.03.14"]
[Round "10"]
[White "Kollars, Dmitrij"]
[Black "Alvarado Diaz, Alejandro"]
[Result "1-0"]
[WhiteTitle "GM"]
[BlackTitle "IM"]
[WhiteElo "2562"]
[BlackElo "2388"]
[WhiteTeam "Baden-Baden Snowballs"]
[BlackTeam "Barcelona Raptors"]
[WhiteFideId "12909572"]
[BlackFideId "2276119"]
[EventDate "2019.01.08"]

1. e4 e5 2. Nf3 Nc6 3. Bc4 Nf6 4. d3 h6 5. O-O d6 6. c3 g5 7. d4 g4 8. Nfd2 exd4
9. Re1 Bg7 10. Nf1 dxc3 11. Nxc3 Ne5 12. Bb3 Kf8 13. Ng3 h5 14. Bf4 Ng6 15. Bg5
Bh6 16. Bxh6+ Rxh6 17. e5 h4 18. Nf1 Ng8 19. exd6 Qxd6 20. Nb5 Qxd1 21. Raxd1
Bf5 22. Ne3 Rh5 23. Nxc7 Rc8 24. Nb5 h3 25. Nxf5 Rxf5 26. Nd6 Rcc5 27. Nxf5 Rxf5
28. Bc2 Rb5 29. Bxg6 fxg6 30. b3 Nf6 31. gxh3 gxh3 32. Rd3 Rh5 33. Rf3 Kf7 34.
Ree3 Ra5 35. a4 Rd5 36. Rd3 Re5 37. Rd6 Rf5 38. Rxf5 gxf5 39. Rd3 1-0

[Event "PRO League Group Stage"]
[Site "chess.com INT"]
[Date "2019.03.14"]
[Round "10"]
[White "Herrera Reyes, Jose Antonio"]
[Black "Agrest, Inna"]
[Result "1-0"]
[WhiteTitle "FM"]
[BlackTitle "WIM"]
[WhiteElo "2324"]
[BlackElo "2275"]
[WhiteTeam "Barcelona Raptors"]
[BlackTeam "Baden-Baden Snowballs"]
[WhiteFideId "2274914"]
[BlackFideId "1708830"]
[EventDate "2019.01.08"]

1. Nf3 Nf6 2. g3 g6 3. Bg2 Bg7 4. O-O O-O 5. d3 d6 6. c3 e5 7. a3 Nc6 8. b4 Qe7
9. Bb2 d5 10. b5 Nd8 11. a4 Re8 12. Ba3 Qd7 13. Nbd2 c6 14. Qb3 Qg4 15. e4 Qh5
16. Rfe1 dxe4 17. dxe4 Be6 18. Qb2 Bg4 19. Nh4 Rc8 20. Nc4 Rc7 21. Ne3 Rd7 22.
Nxg4 Qxg4 23. h3 Qe6 24. Rad1 Bf8 25. Bxf8 Kxf8 26. Nf3 h6 27. Qc1 Kg7 28. Rxd7
Nxd7 29. Rd1 Nc5 30. Qe3 b6 31. a5 cxb5 32. axb6 axb6 33. Bf1 Ndb7 34. Rd5 Qf6
35. Bxb5 Rd8 36. Nxe5 Nd6 37. Ng4 Qe7 38. Qxh6+ Kg8 39. Rh5 gxh5 40. Nf6+ Qxf6
41. Qxf6 Ndb7 42. Bc4 Rd7 43. Qxb6 Nxe4 44. Qg6+ 1-0

[Event "PRO League Group Stage"]
[Site "chess.com INT"]
[Date "2019.03.14"]
[Round "10"]
[White "Sebenik, Matej"]
[Black "Tomczak, Jacek"]
[Result "0-1"]
[WhiteTitle "GM"]
[BlackTitle "GM"]
[WhiteElo "2540"]
[BlackElo "2631"]
[WhiteTeam "Ljubljana Turtles"]
[BlackTeam "Berlin Bears"]
[WhiteFideId "14602296"]
[BlackFideId "1124668"]
[EventDate "2019.01.08"]

1. Nf3 c5 2. c4 Nf6 3. Nc3 d5 4. cxd5 Nxd5 5. e4 Nb4 6. Bc4 Nd3+ 7. Ke2 Nf4+ 8.
Kf1 Ne6 9. h4 Nc6 10. d3 Ned4 11. Be3 e6 12. Rc1 Be7 13. Nb5 Nxf3 14. gxf3 a6
15. Nc3 b5 16. Bb3 Bb7 17. Ne2 Ne5 18. Bxc5 Bxc5 19. Rxc5 Nxd3 20. Rc3 Ne5 21.
Kg2 Qf6 22. Ng3 O-O 23. Qe2 Ng6 24. Qe3 Rac8 25. Rxc8 Rxc8 26. Qg5 Nf4+ 27. Kh2
Qxg5 28. hxg5 Kf8 29. Rd1 Ke7 30. Nf1 Rc5 31. Kg3 Ne2+ 32. Kg4 h5+ 33. gxh6 gxh6
34. Ng3 Rg5+ 35. Kh4 Nf4 36. Rc1 Kd6 37. Rd1+ Kc7 38. Rc1+ Kb6 39. Rd1 Kc7 40.
Rc1+ Bc6 41. Bd1 Nd3 42. Rc2 Ne1 43. Rd2 Ng2+ 44. Kh3 Nf4+ 45. Kh4 f5 46. b4
Ng6+ 47. Kh3 f4 48. Ne2 Rh5+ 49. Kg2 e5 50. Nc3 Rg5+ 51. Kh3 Rh5+ 52. Kg2 Rg5+
53. Kh3 Rg1 54. Bb3 h5 55. Bf7 Nf8 56. Kh2 Rc1 57. Nd5+ Bxd5 58. Rxd5 Nd7 59.
Be6 Nf6 60. Rxe5 Kd6 0-1

[Event "PRO League Group Stage"]
[Site "chess.com INT"]
[Date "2019.03.14"]
[Round "10"]
[White "Braun, Arik"]
[Black "Pavasovic, Dusko"]
[Result "1-0"]
[WhiteTitle "GM"]
[BlackTitle "GM"]
[WhiteElo "2598"]
[BlackElo "2546"]
[WhiteTeam "Berlin Bears"]
[BlackTeam "Ljubljana Turtles"]
[WhiteFideId "4663527"]
[BlackFideId "14600986"]
[EventDate "2019.01.08"]

1. d4 g6 2. e4 Bg7 3. Nc3 d6 4. Be3 a6 5. Qd2 b5 6. O-O-O Bb7 7. f3 Nd7 8. Kb1
c5 9. g4 Qb6 10. dxc5 Nxc5 11. b4 Rc8 12. bxc5 Rxc5 13. Nge2 Nf6 14. Nc1 O-O 15.
Nb3 Nd7 16. Ne2 Qc7 17. Nxc5 Nxc5 18. Bd4 Bxd4 19. Qxd4 Rc8 20. Rd2 Qa5 21. Qc3
b4 22. Qd4 Qa3 23. Rd3 Nxd3 24. Qxd3 Rc3 25. Qd4 Rxf3 26. Bg2 Re3 27. Nc1 Qc3
28. Qa7 Qd2 29. Rd1 Qxd1 30. Qxe3 Qxg4 31. Bh1 f5 32. Ne2 Bxe4 33. Bxe4 fxe4 34.
Ng3 d5 35. Qd4 e6 36. Kb2 Qh4 37. Qe5 Kf7 38. Qc7+ Qe7 39. Qxe7+ Kxe7 40. Kb3
Kd6 41. Kxb4 Ke5 42. Ka5 d4 43. Kxa6 d3 44. cxd3 exd3 45. Nf1 Kd4 46. Kb5 e5 47.
a4 e4 48. a5 e3 49. a6 e2 50. Nd2 Kc3 51. Ne4+ Kc2 52. a7 e1=Q 53. a8=Q Qb1+ 54.
Kc5 Qb3 55. Kd4 Qb2+ 56. Ke3 Qb6+ 57. Kf3 Qb3 58. Qc6+ Kb2 59. Ke3 d2+ 60. Kxd2
Qb4+ 61. Kd3 Qb3+ 62. Nc3 Qb8 63. Qg2+ Kb3 64. Nd5 Qb5+ 65. Kd4 Qa4+ 66. Ke5
Qe8+ 67. Kf6 Qf8+ 68. Kg5 Qf5+ 69. Kh6 Qh5+ 70. Kg7 Kc4 71. Nf6 Qe5 72. Qg4+ Kb5
73. Qh4 g5 74. Qf2 h5 75. Kg6 1-0

[Event "PRO League Group Stage"]
[Site "chess.com INT"]
[Date "2019.03.14"]
[Round "10"]
[White "Skuhala, Jernej"]
[Black "Bezold, Michael"]
[Result "0-1"]
[WhiteTitle "FM"]
[BlackTitle "GM"]
[WhiteElo "2277"]
[BlackElo "2487"]
[WhiteTeam "Ljubljana Turtles"]
[BlackTeam "Berlin Bears"]
[WhiteFideId "14605651"]
[BlackFideId "4601718"]
[EventDate "2019.01.08"]

1. e4 d6 2. d4 Nf6 3. Nc3 c6 4. f4 Qa5 5. Bd3 e5 6. Nf3 Nbd7 7. h3 Be7 8. Qe2
Nh5 9. Qf2 Nxf4 10. Bxf4 exf4 11. O-O-O b5 12. Kb1 Nb6 13. Nd2 O-O 14. d5 Bf6
15. Nb3 Qa6 16. e5 Bxe5 17. Ne4 Nxd5 18. Qe2 Qb6 19. Ng5 h6 20. Nf3 Ne3 21. Rde1
a5 22. Nxe5 dxe5 23. g3 a4 24. Nc1 a3 25. gxf4 exf4 26. Rhg1 axb2 27. Kxb2 Qd4+
28. c3 Qe5 29. Qf3 b4 30. Qxc6 Be6 31. Qe4 Qxc3+ 32. Kb1 Bf5 0-1

[Event "PRO League Group Stage"]
[Site "chess.com INT"]
[Date "2019.03.14"]
[Round "10"]
[White "Osmanodja, Filiz"]
[Black "Stevanic, David"]
[Result "0-1"]
[WhiteTitle "WIM"]
[BlackTitle "FM"]
[WhiteElo "2318"]
[BlackElo "2304"]
[WhiteTeam "Berlin Bears"]
[BlackTeam "Ljubljana Turtles"]
[WhiteFideId "24633569"]
[BlackFideId "14613921"]
[EventDate "2019.01.08"]

1. e4 e5 2. Nf3 Nc6 3. Bb5 a6 4. Ba4 Nf6 5. d3 b5 6. Bb3 Bc5 7. Nc3 h6 8. Nd5 d6
9. c3 Rb8 10. d4 exd4 11. cxd4 Bb4+ 12. Nxb4 Nxb4 13. Bxf7+ Kxf7 14. Qb3+ Be6
15. Qxb4 Nxe4 16. O-O Re8 17. Re1 Bd5 18. Be3 Nf6 19. Rac1 Qd7 20. Nd2 Re7 21.
h3 Rbe8 22. Qa5 Qc8 23. Rc3 Qb7 24. f3 b4 25. Rd3 Bc6 26. Qf5 Bb5 27. Rb3 Ba4
28. Ne4 Bxb3 29. axb3 Rxe4 30. fxe4 Qxe4 31. Qxe4 Rxe4 32. Bf2 Rxe1+ 33. Bxe1 a5
34. Kf2 Ke6 35. Ke3 Kd5 36. Kd3 g5 37. h4 g4 38. Bd2 h5 39. Bg5 Ne8 40. Be7 Ng7
41. Bd8 Ne6 42. Bg5 Nxg5 43. hxg5 h4 44. g6 Ke6 45. Ke4 h3 46. gxh3 gxh3 47. Kf3
Kf6 48. Kg3 Kxg6 49. Kxh3 Kf5 50. Kg3 Ke4 51. Kf2 Kxd4 52. Ke2 c5 53. Kd2 d5 54.
Kc2 c4 55. Kd2 cxb3 56. Kd1 a4 57. Kc1 a3 58. Kb1 Ke3 59. Ka1 d4 60. Kb1 d3 61.
Kc1 axb2+ 62. Kxb2 d2 63. Kxb3 d1=Q+ 64. Kxb4 Qc2 0-1

[Event "PRO League Group Stage"]
[Site "chess.com INT"]
[Date "2019.03.14"]
[Round "10"]
[White "Van Foreest, Jorden"]
[Black "Vachier-Lagrave, Maxime"]
[Result "0-1"]
[WhiteTitle "GM"]
[BlackTitle "GM"]
[WhiteElo "2612"]
[BlackElo "2780"]
[WhiteTeam "Amsterdam Mosquitoes"]
[BlackTeam "Marseille Migraines"]
[WhiteFideId "1039784"]
[BlackFideId "623539"]
[EventDate "2019.01.08"]

1. d4 Nf6 2. c4 g6 3. Nc3 d5 4. Nf3 Bg7 5. Qb3 dxc4 6. Qxc4 O-O 7. e4 Be6 8. d5
Bc8 9. Be2 c6 10. O-O cxd5 11. exd5 Nbd7 12. Rd1 Nb6 13. Qb3 Ne8 14. Be3 Nd6 15.
h3 Bd7 16. Bd4 Rc8 17. Bxg7 Kxg7 18. Ne5 Bf5 19. Rac1 Ne4 20. Bf3 Nc5 21. Qb4
Qd6 22. Ng4 Nd3 23. Qd4+ e5 24. Qe3 Nxc1 25. Nb5 Qd8 26. Nxa7 Ra8 27. Nb5 Bxg4
28. hxg4 Nxa2 29. d6 Ra5 30. Qxe5+ Qf6 31. Qe2 Rd8 32. Bxb7 Nb4 33. Nc7 Re5 34.
Qd2 N4d5 35. Bxd5 Rxd6 36. g5 Qe7 37. Qc3 Kg8 38. Qc5 Rdxd5 0-1

[Event "PRO League Group Stage"]
[Site "chess.com INT"]
[Date "2019.03.14"]
[Round "10"]
[White "Fressinet, Laurent"]
[Black "Klein, David"]
[Result "1/2-1/2"]
[WhiteTitle "GM"]
[BlackTitle "GM"]
[WhiteElo "2655"]
[BlackElo "2492"]
[WhiteTeam "Marseille Migraines"]
[BlackTeam "Amsterdam Mosquitoes"]
[WhiteFideId "608742"]
[BlackFideId "1003623"]
[EventDate "2019.01.08"]

1. e4 c5 2. Nf3 d6 3. d4 cxd4 4. Nxd4 Nf6 5. Nc3 a6 6. a4 e5 7. Nf3 Be7 8. Bc4
O-O 9. O-O b6 10. Bg5 Nbd7 11. Re1 Bb7 12. Bxf6 Nxf6 13. Nd5 Rc8 14. Nxf6+ Bxf6
15. Qd3 Qc7 16. Bxa6 Bxa6 17. Qxa6 Qxc2 18. Qb5 d5 19. Re2 Qc5 20. exd5 Qxb5 21.
axb5 Rc5 22. Rd1 Rd8 23. g4 h6 24. h4 g6 25. g5 hxg5 26. hxg5 Bg7 27. d6 Rxb5
28. Nh2 e4 29. Rxe4 Rxg5+ 30. Kf1 Re5 31. Rb4 Rh5 32. Kg2 b5 33. Nf3 Rd7 34. b3
Rc5 35. Re4 Bf8 36. Red4 f6 37. Rd5 Rxd5 38. Rxd5 b4 39. Rd4 Bxd6 40. Nd2 Kf7
41. Ne4 Ke6 42. Nxd6 Rxd6 43. Rxb4 Rd3 44. Rb8 Kf5 45. b4 Rb3 46. b5 g5 47. b6
Kf4 48. Rc8 Rxb6 49. Rc4+ Kf5 50. Kg3 Kg6 51. Ra4 Rd6 52. f3 f5 53. Ra5 Rc6 54.
Rb5 Re6 55. Ra5 Rf6 56. Rb5 Kh5 57. Ra5 f4+ 58. Kh3 Rh6 59. Ra8 Kg6+ 60. Kg2 Kf5
61. Ra5+ Kg6 62. Ra6+ Kh5 63. Ra8 Rd6 64. Kh3 Rh6 65. Kg2 Kh4 66. Ra1 Kh5 67.
Ra8 g4 68. fxg4+ Kxg4 69. Rg8+ Kf5 70. Rf8+ Rf6 71. Rxf6+ Kxf6 72. Kf3 Kf5 73.
Kf2 Kg4 74. Kg2 f3+ 75. Kf2 Kf4 76. Kf1 Kg3 77. Kg1 f2+ 78. Kf1 Kf3 1/2-1/2

[Event "PRO League Group Stage"]
[Site "chess.com INT"]
[Date "2019.03.14"]
[Round "10"]
[White "Admiraal, Miguoel"]
[Black "Moussard, Jules"]
[Result "1-0"]
[WhiteTitle "IM"]
[BlackTitle "GM"]
[WhiteElo "2478"]
[BlackElo "2605"]
[WhiteTeam "Amsterdam Mosquitoes"]
[BlackTeam "Marseille Migraines"]
[WhiteFideId "1019716"]
[BlackFideId "642908"]
[EventDate "2019.01.08"]

1. c3 g6 2. h4 Nf6 3. d4 c5 4. dxc5 Bg7 5. h5 Nxh5 6. e4 Na6 7. Be3 Qc7 8. Na3
Nxc5 9. Nb5 Qc6 10. Qd5 Ne6 11. Qd2 b6 12. Rxh5 gxh5 13. Bd3 Nc5 14. Nd4 Qg6 15.
Nf5 d6 16. Bb5+ Bd7 17. Bxd7+ Nxd7 18. O-O-O Bf6 19. Nh3 Qxg2 20. Qd5 Rd8 21.
Nf4 Qf3 22. Nxh5 Rg8 23. Nh6 Rf8 24. Nf5 Rc8 25. Qb7 Rb8 26. Nxf6+ exf6 27. Qc7
Rg8 28. Qxd6 Qxe4 29. Qxd7+ Kf8 30. Bh6+ Rg7 31. Qd6+ Kg8 32. Qxb8+ 1-0

[Event "PRO League Group Stage"]
[Site "chess.com INT"]
[Date "2019.03.14"]
[Round "10"]
[White "Vachier-Lagrave, Maxime"]
[Black "Sebenik, Matej"]
[Result "1-0"]
[WhiteTitle "GM"]
[BlackTitle "GM"]
[WhiteElo "2780"]
[BlackElo "2540"]
[WhiteTeam "Marseille Migraines"]
[BlackTeam "Ljubljana Turtles"]
[WhiteFideId "623539"]
[BlackFideId "14602296"]
[EventDate "2019.01.08"]

1. e4 c5 2. Nf3 g6 3. c3 Bg7 4. d4 cxd4 5. cxd4 d5 6. e5 Nh6 7. Nc3 O-O 8. h3 f6
9. exf6 Rxf6 10. Bg5 Rf8 11. Bb5 Nf5 12. O-O Nc6 13. Bxc6 bxc6 14. Qd2 c5 15.
dxc5 d4 16. Ne4 Bb7 17. Rfe1 Qd5 18. Qd3 h6 19. Bf4 g5 20. Bh2 a5 21. Nfd2 a4
22. b4 axb3 23. axb3 Qc6 24. b4 Ba6 25. Rxa6 Qxa6 26. b5 Qa2 27. b6 e5 28. b7
Ra3 29. Qc4+ Qxc4 30. Nxc4 Ra4 31. Nxe5 1-0

[Event "PRO League Group Stage"]
[Site "chess.com INT"]
[Date "2019.03.14"]
[Round "10"]
[White "Pavasovic, Dusko"]
[Black "Fressinet, Laurent"]
[Result "0-1"]
[WhiteTitle "GM"]
[BlackTitle "GM"]
[WhiteElo "2546"]
[BlackElo "2655"]
[WhiteTeam "Ljubljana Turtles"]
[BlackTeam "Marseille Migraines"]
[WhiteFideId "14600986"]
[BlackFideId "608742"]
[EventDate "2019.01.08"]

1. e4 e5 2. Nf3 Nc6 3. Bb5 Nf6 4. Qe2 Bc5 5. O-O O-O 6. d3 Nd4 7. Nxd4 Bxd4 8.
c3 Bb6 9. Be3 d5 10. Bxb6 axb6 11. exd5 Qxd5 12. Bc4 Qd6 13. Nd2 Bg4 14. f3 Bd7
15. Ne4 Nxe4 16. fxe4 b5 17. Bb3 Be6 18. Bxe6 Qxe6 19. a3 Rad8 20. Rf3 c5 21.
Raf1 c4 22. Rd1 Rfe8 23. Re3 Qb6 24. Qf2 Rd7 25. Rf3 Qc6 26. Rf1 f6 27. dxc4
bxc4 28. Qg3 Kh8 29. Qg4 Qe6 30. Qxe6 Rxe6 31. R3f2 Red6 32. Re1 Kg8 33. g4 h6
34. Kg2 Kf7 35. Ree2 Kg6 36. h3 Rd3 37. Rf5 Rd2 38. Ref2 R7d6 39. h4 Rxf2+ 40.
Rxf2 h5 0-1

[Event "PRO League Group Stage"]
[Site "chess.com INT"]
[Date "2019.03.14"]
[Round "10"]
[White "Moussard, Jules"]
[Black "Skuhala, Jernej"]
[Result "1-0"]
[WhiteTitle "GM"]
[BlackTitle "FM"]
[WhiteElo "2605"]
[BlackElo "2277"]
[WhiteTeam "Marseille Migraines"]
[BlackTeam "Ljubljana Turtles"]
[WhiteFideId "642908"]
[BlackFideId "14605651"]
[EventDate "2019.01.08"]

1. b3 e5 2. Bb2 Nc6 3. e3 Nf6 4. Nf3 Bd6 5. d4 exd4 6. Nxd4 Nxd4 7. Qxd4 O-O 8.
c4 Re8 9. Nc3 Be5 10. Qd2 d6 11. Be2 Bg4 12. Bxg4 Nxg4 13. O-O-O Nf6 14. h3 Ne4
15. Nxe4 Bxb2+ 16. Qxb2 Rxe4 17. Rd5 Qe7 18. Rhd1 b6 19. g3 a5 20. a4 Re6 21. h4
Re8 22. Qd4 Re4 23. Qc3 Re5 24. Rxe5 Qxe5 25. Qxe5 Rxe5 26. Kc2 Kf8 27. Kd3 Ke7
28. f4 Re6 29. g4 Kd7 30. e4 Kc6 31. Kd4 Re7 32. g5 Re8 33. h5 Rh8 34. Rg1 Kd7
35. Ke3 Kc6 36. Rd1 Kc5 37. Rd5+ Kb4 38. e5 Re8 39. Kd3 dxe5 40. Rb5+ Ka3 41.
fxe5 Rb8 42. c5 Rd8+ 43. Kc4 Re8 44. cxb6 cxb6 45. Kd4 Re6 46. Kd5 Ka2 47. b4
axb4 48. Rxb4 Ka3 49. Rc4 Re7 50. Kd6 Re6+ 51. Kd5 Re7 52. Rc6 Rb7 53. Rc4 Re7
54. Rf4 Kb3 55. Kd6 Re6+ 56. Kd5 Re7 57. h6 gxh6 58. gxh6 Ka3 59. Rf6 Kxa4 60.
Rxb6 Ka5 61. Rb8 Re6 62. Rb7 Rxh6 63. Rxf7 Rh1 64. e6 Kb6 65. e7 Rd1+ 66. Ke6
Re1+ 67. Kd7 Rd1+ 68. Ke8 1-0

[Event "PRO League Group Stage"]
[Site "chess.com INT"]
[Date "2019.03.14"]
[Round "10"]
[White "Vallejo Pons, Francisco"]
[Black "Van Foreest, Jorden"]
[Result "1-0"]
[WhiteTitle "GM"]
[BlackTitle "GM"]
[WhiteElo "2698"]
[BlackElo "2612"]
[WhiteTeam "Barcelona Raptors"]
[BlackTeam "Amsterdam Mosquitoes"]
[WhiteFideId "2205530"]
[BlackFideId "1039784"]
[EventDate "2019.01.08"]

1. d4 Nf6 2. c4 e6 3. Nc3 Bb4 4. Qc2 O-O 5. e4 d5 6. cxd5 exd5 7. e5 Ne4 8. Bd3
c5 9. a3 Bxc3+ 10. bxc3 Nc6 11. Ne2 Bf5 12. f3 cxd4 13. O-O Nxe5 14. Nxd4 Nxd3
15. Qxd3 Ng3 16. Nxf5 Nxf1 17. Kxf1 Qf6 18. Be3 Qe5 19. Qxd5 Rfe8 20. Qxe5 Rxe5
21. g4 f6 22. Bd4 Re6 23. a4 Rd8 24. Kf2 h5 25. h3 Kf7 26. Ne3 Rd7 27. gxh5 Ra6
28. Rg1 Ra5 29. h6 gxh6 30. Ng4 h5 31. Nh6+ Ke6 32. Re1+ Kd5 33. Ng8 Kc4 34.
Nxf6 Rf7 35. Ne4 Rf8 36. Nd6+ Kb3 37. Nxb7 Raf5 38. Nc5+ Kc4 39. Re3 Rxc5 40.
Bxc5 Kxc5 41. Re5+ Kc4 42. Rxh5 Kxc3 43. Ra5 Rf7 44. h4 Kd4 45. h5 Rg7 46. h6
Rh7 47. Rh5 a5 48. Kg3 Kc4 49. Rh4+ Kd5 50. Kg4 Ke6 51. Kg5 Ke7 1-0

[Event "PRO League Group Stage"]
[Site "chess.com INT"]
[Date "2019.03.14"]
[Round "10"]
[White "Klein, David"]
[Black "Diaz Camallonga, Carles"]
[Result "1-0"]
[WhiteTitle "GM"]
[BlackTitle "IM"]
[WhiteElo "2492"]
[BlackElo "2432"]
[WhiteTeam "Amsterdam Mosquitoes"]
[BlackTeam "Barcelona Raptors"]
[WhiteFideId "1003623"]
[BlackFideId "22235256"]
[EventDate "2019.01.08"]

1. c4 e6 2. b3 d5 3. Bb2 a5 4. a3 Nf6 5. Nf3 Nbd7 6. e3 Bd6 7. Be2 c6 8. Qc2 Qe7
9. g4 h6 10. Rg1 e5 11. h4 dxc4 12. bxc4 e4 13. g5 hxg5 14. hxg5 Ng8 15. Nd4 Nc5
16. Nc3 Rh2 17. f4 f5 18. gxf6 Nxf6 19. Na4 Nxa4 20. Qxa4 Bd7 21. Qb3 a4 22. Qc2
Bc5 23. Bf1 Kd8 24. Ne2 Ng4 25. Qc3 Kc7 26. Kd1 g5 27. fxg5 Qxg5 28. Kc1 Qf5 29.
Kb1 Re8 30. Ka2 Rf2 31. Nd4 Qf7 32. Qa5+ Bb6 33. Qc3 Ne5 34. Rc1 Rf8 35. Ka1 c5
36. Nb5+ Bxb5 37. Qxe5+ Kc8 38. cxb5 Re8 39. Bh3+ Kd8 40. Qd6+ 1-0

[Event "PRO League Group Stage"]
[Site "chess.com INT"]
[Date "2019.03.14"]
[Round "10"]
[White "Alvarado Diaz, Alejandro"]
[Black "Admiraal, Miguoel"]
[Result "1/2-1/2"]
[WhiteTitle "IM"]
[BlackTitle "IM"]
[WhiteElo "2388"]
[BlackElo "2478"]
[WhiteTeam "Barcelona Raptors"]
[BlackTeam "Amsterdam Mosquitoes"]
[WhiteFideId "2276119"]
[BlackFideId "1019716"]
[EventDate "2019.01.08"]

1. g3 e5 2. Bg2 d5 3. c3 Nf6 4. d4 exd4 5. cxd4 c6 6. Nc3 Bb4 7. Bg5 h6 8. Bxf6
Qxf6 9. Rc1 O-O 10. e3 Re8 11. Ne2 Bg4 12. O-O Bxc3 13. Rxc3 Bf3 14. Bxf3 Qxf3
15. Rb3 Re7 16. Nf4 Qxd1 17. Rxd1 Na6 18. Rc1 Rd8 19. Ra3 Kf8 20. Nd3 Ra8 21.
Rxa6 bxa6 22. Rxc6 Rb8 23. b3 Rb6 24. Rc8+ Re8 25. Rc7 Re7 26. Rc8+ Re8 27. Rc5
Rb5 28. Rc6 Rb6 29. Rc2 Rbb8 30. Rc5 Rb5 31. Rc7 Re7 32. Rc8+ Re8 33. Rc7 Re7
34. Rc2 Re8 35. h4 a5 36. Rc7 Re7 37. Rc8+ Re8 38. Rc6 Re6 39. Rc2 Re8 40. Ne5
a4 41. bxa4 Rb4 42. Rc7 Rxa4 43. Rxf7+ Kg8 44. Rd7 Rxa2 45. Nc6 a5 46. Ne7+ Kh8
47. Nxd5 a4 48. Ra7 a3 49. Kg2 Rf8 50. Nf4 Rb8 51. h5 Ra1 52. d5 a2 53. Ng6+ Kg8
54. e4 Kh7 55. e5 Rd1 56. Rxa2 Rxd5 57. Kh3 Rdb5 58. Kg4 Rb2 59. Rxb2 Rxb2 60.
f4 Kg8 61. Kf5 Rb5 62. Ne7+ Kf7 63. Nc8 Rb3 64. g4 Rb1 65. Nd6+ Kf8 66. Kg6 Rg1
67. Kf5 Ra1 68. Ne4 Rb1 69. g5 hxg5 70. Nxg5 Rh1 71. Kg6 Rf1 72. f5 Rg1 73. h6
gxh6 74. Kxh6 Re1 75. e6 Ke7 76. Kg6 Rf1 77. Ne4 Rg1+ 78. Ng5 Rf1 79. Nh3 Rh1
80. Ng5 Rf1 81. Nh3 Rh1 82. Nf4 Rg1+ 83. Kh6 Kf6 84. Nh5+ Kxf5 85. e7 Re1 86.
e8=Q Rxe8 87. Ng7+ Ke5 88. Nxe8 1/2-1/2